[Event "4. Memorial Oliver Gonzalez 2015"]
[Site "Madrid ESP"]
[Date "2015.10.11"]
[Round "2.17"]
[White "Serrano Baylin, Francisco"]
[Black "Medarde Santiago, Luis Marcos"]
[Result "0-1"]
[WhiteElo "2023"]
[BlackElo "2324"]
[PlyCount "58"]
[EventDate "2015.10.10"]
[EventType "swiss"]
[EventRounds "9"]
[EventCountry "ESP"]
[Source "lmi"]
[SourceDate "2015.10.10"]

1. c4 e5 2. g3 Nf6 3. Nc3 Bb4 4. Nd5 Nxd5 5. cxd5 O-O 6. Nf3 e4 7. Nd4 Bc5 8.
Nb3 Bb6 9. Bg2 a5 10. a4 Re8 11. O-O d6 12. d3 Bf5 13. dxe4 Bxe4 14. Nd4 Bxg2
15. Kxg2 Qe7 16. Be3 Qe4+ 17. Kg1 Qxd5 18. Nb5 Qc6 19. Rc1 Bc5 20. Bxc5 dxc5
21. Qc2 Na6 22. Rfd1 Rad8 23. e3 b6 24. Qc4 Qf3 25. Nd6 Rxd6 26. Rxd6 cxd6 27.
Qxa6 Qc6 28. Qc4 Re4 29. Qa6 Rxa4 0-1

[Event "4. Memorial Oliver Gonzalez 2015"]
[Site "Madrid ESP"]
[Date "2015.10.11"]
[Round "2.18"]
[White "Paarup, Torsten"]
[Black "Suarez Triguero, Jose Alfonso"]
[Result "1/2-1/2"]
[WhiteElo "1996"]
[BlackElo "2050"]
[PlyCount "97"]
[EventDate "2015.10.10"]
[EventType "swiss"]
[EventRounds "9"]
[EventCountry "ESP"]
[Source "lmi"]
[SourceDate "2015.10.10"]

1. e4 e6 2. d4 d5 3. e5 c5 4. c3 b6 5. Nf3 Qd7 6. h4 Ba6 7. Bxa6 Nxa6 8. Qe2
Nc7 9. a4 c4 10. h5 h6 11. Nbd2 Ne7 12. b4 Nc6 13. Nf1 Be7 14. Bf4 O-O-O 15.
Ne3 Kb7 16. g3 Ka8 17. Ng2 Rdg8 18. Qd2 Rc8 19. Kd1 Kb7 20. Kc2 Rhd8 21. Be3
Ne8 22. Nf4 Rc7 23. g4 Rdc8 24. Ne2 Bxb4 25. cxb4 c3 26. Qd1 Nxb4+ 27. Kc1 Qc6
28. Qb3 a5 29. Ne1 f6 30. f4 fxe5 31. fxe5 Rf7 32. Bf4 Nc7 33. Rh3 Nca6 34. Ng2
Qe8 35. Kd1 c2+ 36. Kd2 Rfc7 37. Rc3 g6 38. Rxc7+ Rxc7 39. Qf3 g5 40. Bg3 Rf7
41. Qe3 Qf8 42. Ne1 Rc7 43. Rc1 Na2 44. Rxc2 Qb4+ 45. Kd1 Qxa4 46. Kd2 Qb4+ 47.
Kd1 Qa4 48. Kd2 Qb4+ 49. Kd1 1/2-1/2

[Event "4. Memorial Oliver Gonzalez 2015"]
[Site "Madrid ESP"]
[Date "2015.10.11"]
[Round "2.19"]
[White "Hovhannisyan, Robert"]
[Black "Perdomo Araujo, Angel Eduardo"]
[Result "1-0"]
[WhiteElo "2630"]
[BlackElo "2081"]
[PlyCount "24"]
[EventDate "2015.10.10"]
[EventType "swiss"]
[EventRounds "9"]
[EventCountry "ESP"]
[Source "lmi"]
[SourceDate "2015.10.10"]

1. e4 e6 2. d4 d5 3. exd5 Qxd5 4. Nf3 Nf6 5. Bd3 Be7 6. Nc3 Qd8 7. Qe2 b6 8.
Bf4 Bb7 9. O-O-O Nd5 10. Nxd5 Bxd5 11. c4 Bc6 12. Nd2 Nd7 1-0

[Event "4. Memorial Oliver Gonzalez 2015"]
[Site "Madrid ESP"]
[Date "2015.10.11"]
[Round "2.20"]
[White "De Seroux, Camille"]
[Black "Almagro Llamas, Pablo"]
[Result "0-1"]
[WhiteElo "2057"]
[BlackElo "2443"]
[PlyCount "54"]
[EventDate "2015.10.10"]
[EventType "swiss"]
[EventRounds "9"]
[EventCountry "ESP"]
[Source "lmi"]
[SourceDate "2015.10.10"]

1. e4 c5 2. Nf3 d6 3. d4 cxd4 4. Nxd4 Nf6 5. Nc3 a6 6. Bc4 e6 7. a4 Nc6 8. Be3
Be7 9. O-O O-O 10. f4 d5 11. exd5 exd5 12. Be2 Re8 13. Kh1 Bb4 14. Nxc6 bxc6
15. Bd4 Bf5 16. Bd3 Ne4 17. g4 Bxc3 18. bxc3 Bd7 19. f5 c5 20. Bxe4 Rxe4 21.
Bxc5 d4 22. cxd4 Bc6 23. Kg1 Qh4 24. Rf2 Rxg4+ 25. Kf1 Qh3+ 26. Ke2 Re8+ 27.
Kd2 Rxd4+ 0-1

[Event "4. Memorial Oliver Gonzalez 2015"]
[Site "Madrid ESP"]
[Date "2015.10.11"]
[Round "2.21"]
[White "Moreno Ibanez, Miguel"]
[Black "Spitzer Isbert, Ramon"]
[Result "1-0"]
[WhiteElo "2283"]
[BlackElo "2045"]
[PlyCount "49"]
[EventDate "2015.10.10"]
[EventType "swiss"]
[EventRounds "9"]
[EventCountry "ESP"]
[Source "lmi"]
[SourceDate "2015.10.10"]

1. e4 Nf6 2. e5 Nd5 3. d4 d6 4. Nf3 Bg4 5. Be2 e6 6. O-O Be7 7. c4 Nb6 8. exd6
cxd6 9. Nc3 O-O 10. Be3 Nc6 11. b3 Bf6 12. Qd2 d5 13. c5 Nc8 14. h3 Bxf3 15.
Bxf3 N8e7 16. Ne2 Nf5 17. Bg4 Nxe3 18. fxe3 a5 19. a3 b6 20. Rfc1 Re8 21. cxb6
Qxb6 22. Kh1 Bg5 23. Nc3 Qxb3 24. Rcb1 Qc4 25. Be2 1-0

[Event "4. Memorial Oliver Gonzalez 2015"]
[Site "Madrid ESP"]
[Date "2015.10.11"]
[Round "2.22"]
[White "Beyerholm, Arne"]
[Black "Semprun Martinez, Fernando"]
[Result "1/2-1/2"]
[WhiteElo "2046"]
[BlackElo "2220"]
[PlyCount "95"]
[EventDate "2015.10.10"]
[EventType "swiss"]
[EventRounds "9"]
[EventCountry "ESP"]
[Source "lmi"]
[SourceDate "2015.10.10"]

1. d4 Nf6 2. c4 g6 3. Nc3 d5 4. Nf3 Bg7 5. Qb3 dxc4 6. Qxc4 O-O 7. e4 a6 8. Be2
b5 9. Qb3 Nc6 10. e5 Be6 11. Qd1 Nd5 12. O-O f6 13. exf6 exf6 14. a3 Bf7 15.
Qc2 Nde7 16. Rd1 Na5 17. d5 Nxd5 18. Nxd5 Bxd5 19. Nd4 Qe7 20. b4 Nb7 21. Nxb5
Bf7 22. Bf3 axb5 23. Bxb7 Rad8 24. Be3 c5 25. Bf3 cxb4 26. axb4 Qxb4 27. Bc5
Rxd1+ 28. Rxd1 Qb3 29. Qxb3 Bxb3 30. Bxf8 Bxd1 31. Bxg7 Bxf3 32. Bxf6 Bd5 33.
Kf1 b4 34. g3 Kf7 35. Bh8 g5 36. h4 g4 37. Ke1 Ke6 38. Kd2 Be4 39. Kc1 Kd5 40.
Kb2 Kc4 41. Be5 Bd5 42. Bb8 Kd3 43. Ba7 Ke2 44. Bb6 Kd3 45. Ba7 Ke2 46. Bb6 Kd3
47. Ba7 Ke2 48. Bb6 1/2-1/2

[Event "4. Memorial Oliver Gonzalez 2015"]
[Site "Madrid ESP"]
[Date "2015.10.11"]
[Round "2.23"]
[White "Vazquez Torres, Adrian"]
[Black "Vazquez Gonzalez, Jesus"]
[Result "1-0"]
[WhiteElo "2204"]
[BlackElo "1978"]
[PlyCount "65"]
[EventDate "2015.10.10"]
[EventType "swiss"]
[EventRounds "9"]
[EventCountry "ESP"]
[Source "lmi"]
[SourceDate "2015.10.10"]

1. e4 d6 2. d4 Nd7 3. Nf3 e5 4. dxe5 dxe5 5. Bc4 c6 6. Ng5 Nh6 7. c3 Be7 8. Nh3
Nb6 9. Qxd8+ Bxd8 10. Bb3 Bxh3 11. gxh3 Ng8 12. Rg1 g6 13. Be3 Nf6 14. Nd2 O-O
15. Nf3 Nfd7 16. O-O-O Bf6 17. h4 c5 18. Bd5 Rab8 19. h5 Kg7 20. h4 Rfe8 21.
h6+ Kf8 22. h5 Rec8 23. hxg6 fxg6 24. Ng5 Bxg5 25. Bxg5 Rc7 26. f4 Re8 27. Rgf1
Nxd5 28. Rxd5 Kg8 29. Rfd1 Nb6 30. Rxe5 Rxe5 31. fxe5 Kf7 32. Rd6 Rc6 33. e6+
1-0

[Event "4. Memorial Oliver Gonzalez 2015"]
[Site "Madrid ESP"]
[Date "2015.10.11"]
[Round "2.24"]
[White "Largo Barbero, Benito"]
[Black "Solaesa Navalpotro, Luis Julio"]
[Result "0-1"]
[WhiteElo "2005"]
[BlackElo "2202"]
[PlyCount "73"]
[EventDate "2015.10.10"]
[EventType "swiss"]
[EventRounds "9"]
[EventCountry "ESP"]
[Source "lmi"]
[SourceDate "2015.10.10"]

1. d4 Nf6 2. Bg5 c5 3. Bxf6 gxf6 4. d5 Qb6 5. Qc1 f5 6. c4 d6 7. e3 Bg7 8. Nc3
Nd7 9. f4 Nf6 10. Rb1 Ne4 11. Nxe4 fxe4 12. Kf2 e6 13. Ne2 exd5 14. cxd5 O-O
15. Ng3 Qd8 16. Be2 Bd7 17. Nh5 Bh8 18. h4 f5 19. g4 fxg4 20. Qg1 Kf7 21. Ng3
Qe7 22. Qg2 Rae8 23. b4 b6 24. bxc5 dxc5 25. Bc4 Kg6 26. Rbd1 Rf6 27. Nxe4 Bf5
28. h5+ Kh6 29. Nxf6 Qxe3+ 30. Kf1 Qxf4+ 31. Kg1 Bxf6 32. Qf2 Bd4 33. Rxd4 Qxd4
34. Qxd4 cxd4 35. Kf2 Rf8 36. Bb3 b5 37. Rd1 0-1

[Event "4. Memorial Oliver Gonzalez 2015"]
[Site "Madrid ESP"]
[Date "2015.10.11"]
[Round "2.25"]
[White "Iagar, Razvan-Gabriel"]
[Black "Soto Martin, Pablo"]
[Result "1/2-1/2"]
[WhiteElo "2172"]
[BlackElo "1956"]
[PlyCount "63"]
[EventDate "2015.10.10"]
[EventType "swiss"]
[EventRounds "9"]
[EventCountry "ESP"]
[Source "lmi"]
[SourceDate "2015.10.10"]

1. d4 Nf6 2. c4 g6 3. Nf3 Bg7 4. g3 O-O 5. Bg2 d6 6. O-O Nc6 7. Nc3 e5 8. d5
Ne7 9. e4 Ne8 10. Ne1 f5 11. Nd3 Nf6 12. Bg5 fxe4 13. Nxe4 Nxe4 14. Bxe4 Bf5
15. Qe2 Qd7 16. Bxe7 Qxe7 17. Bxf5 gxf5 18. Nf4 Bh6 19. Ne6 Rf6 20. f3 Kh8 21.
Rad1 Rg8 22. Kh1 Qf7 23. Rde1 Bf8 24. f4 e4 25. Rg1 h5 26. Rg2 Rh6 27. Reg1 Bg7
28. Qd2 b6 29. Qc2 Qe7 30. Qb3 Bf6 31. Qa3 c5 32. Qb3 1/2-1/2

[Event "4. Memorial Oliver Gonzalez 2015"]
[Site "Madrid ESP"]
[Date "2015.10.12"]
[Round "3.1"]
[White "Grigoryan, Karen H"]
[Black "Moreno Ruiz, Javier"]
[Result "1/2-1/2"]
[WhiteElo "2600"]
[BlackElo "2430"]
[PlyCount "74"]
[EventDate "2015.10.10"]
[EventType "swiss"]
[EventRounds "9"]
[EventCountry "ESP"]
[Source "lmi"]
[SourceDate "2015.10.10"]

1. e4 e5 2. Nf3 Nc6 3. Bb5 a6 4. Ba4 Nf6 5. O-O Be7 6. d3 b5 7. Bb3 d6 8. a3
Be6 9. Nc3 Bxb3 10. cxb3 O-O 11. Be3 Qd7 12. Rc1 Rfe8 13. Bg5 Rac8 14. Bxf6
Bxf6 15. Nd5 Bd8 16. Qc2 Na7 17. d4 c6 18. Ne3 Bb6 19. Qd3 exd4 20. Nxd4 d5 21.
exd5 cxd5 22. Rcd1 Rcd8 23. a4 Qb7 24. Nef5 Bxd4 25. Qxd4 f6 26. Rd3 Re5 27.
Qf4 Qd7 28. Nd4 Nc6 29. Nf3 Re4 30. Qc1 Ne5 31. Nxe5 Rxe5 32. axb5 axb5 33. Rd4
Rc8 34. Qd2 Qe6 35. Qb4 Rc2 36. Qxb5 Rxb2 37. Qb8+ Qe8 1/2-1/2

[Event "4. Memorial Oliver Gonzalez 2015"]
[Site "Madrid ESP"]
[Date "2015.10.12"]
[Round "3.2"]
[White "Aryan, Chopra"]
[Black "Arribas Lopez, Angel"]
[Result "1/2-1/2"]
[WhiteElo "2430"]
[BlackElo "2536"]
[PlyCount "82"]
[EventDate "2015.10.10"]
[EventType "swiss"]
[EventRounds "9"]
[EventCountry "ESP"]
[Source "lmi"]
[SourceDate "2015.10.10"]

1. e4 c5 2. Nf3 d6 3. d4 cxd4 4. Nxd4 Nf6 5. Nc3 a6 6. Be3 e6 7. f3 h5 8. Qd2
Be7 9. O-O-O b5 10. a3 Bb7 11. Kb1 Nbd7 12. Qe1 Rc8 13. Be2 g6 14. Nb3 d5 15.
exd5 Nxd5 16. Bd4 O-O 17. Nxd5 Bxd5 18. Bd3 Bf6 19. Be4 Qc7 20. Qg3 Qxg3 21.
hxg3 Bxe4 22. fxe4 Bxd4 23. Rxd4 Nf6 24. Re1 Rfd8 25. c3 e5 26. Rxd8+ Rxd8 27.
Kc2 Rc8 28. Kd3 Ne8 29. Nd2 Nd6 30. b3 Nb7 31. c4 Nc5+ 32. Kc3 Rd8 33. b4 Ne6
34. Nf3 f6 35. a4 bxc4 36. b5 axb5 37. axb5 g5 38. Kxc4 g4 39. Nh4 Rd4+ 40. Kc3
Nc5 41. Nf5 Na4+ 1/2-1/2

[Event "4. Memorial Oliver Gonzalez 2015"]
[Site "Madrid ESP"]
[Date "2015.10.12"]
[Round "3.3"]
[White "Ulybin, Mikhail"]
[Black "Valles Moreno, Ivan"]
[Result "0-1"]
[WhiteElo "2520"]
[BlackElo "2417"]
[PlyCount "86"]
[EventDate "2015.10.10"]
[EventType "swiss"]
[EventRounds "9"]
[EventCountry "ESP"]
[Source "lmi"]
[SourceDate "2015.10.10"]

1. d4 Nf6 2. c4 g6 3. Nc3 Bg7 4. e4 d6 5. Nf3 O-O 6. Be2 Nbd7 7. O-O e5 8. Be3
Qe7 9. Qc2 exd4 10. Nxd4 c6 11. Rad1 Re8 12. Bg5 Nc5 13. f3 a5 14. Kh1 Qf8 15.
Qd2 a4 16. Nc2 Nfd7 17. Na3 Be5 18. Nab1 Nb6 19. Bh6 Qe7 20. f4 Bh8 21. Rde1
Be6 22. Na3 f5 23. exf5 Bxf5 24. Bg4 Qf6 25. Bxf5 gxf5 26. Bg5 Qd4 27. Qxd4
Bxd4 28. Rd1 Bxc3 29. bxc3 Re2 30. Rxd6 Rxa2 31. Nb1 Ne4 32. Re6 Nxc4 33. Re7
Rb2 34. Bh6 a3 35. Nxa3 Nxa3 36. g4 Nf2+ 37. Rxf2 Rxf2 38. gxf5 Nc4 39. Rg7+
Kh8 40. f6 Ne3 41. Rg1 Raa2 42. Bg7+ Kg8 43. Bh6+ Kf7 0-1

[Event "4. Memorial Oliver Gonzalez 2015"]
[Site "Madrid ESP"]
[Date "2015.10.12"]
[Round "3.4"]
[White "Starostits, Ilmars"]
[Black "Larino Nieto, David"]
[Result "0-1"]
[WhiteElo "2404"]
[BlackElo "2474"]
[PlyCount "114"]
[EventDate "2015.10.10"]
[EventType "swiss"]
[EventRounds "9"]
[EventCountry "ESP"]
[Source "lmi"]
[SourceDate "2015.10.10"]

1. e4 d6 2. d4 Nf6 3. Nc3 e5 4. dxe5 dxe5 5. Qxd8+ Kxd8 6. Nf3 Bd6 7. Bc4 Be6
8. Bxe6 fxe6 9. Be3 Ke7 10. a3 Nc6 11. h3 b5 12. Nxb5 Rab8 13. c4 Nxe4 14. b4
a6 15. Na7 Nxa7 16. Bxa7 Rb7 17. Be3 c5 18. Ng5 Nxg5 19. bxc5 Ne4 20. cxd6+
Nxd6 21. Rc1 Rc8 22. c5 Nf5 23. Bg5+ Kf7 24. O-O Rbc7 25. Be3 Nxe3 26. fxe3+
Ke7 27. Rc2 Rxc5 28. Rcf2 Kd6 29. Rf7 R8c7 30. Rxc7 Rxc7 31. Rf8 Kd5 32. Ra8
Ke4 33. Rxa6 Kxe3 34. Rxe6 e4 35. a4 Ra7 36. Rb6 Rxa4 37. Rb3+ Kd4 38. Rb7 Ra1+
39. Kf2 Ra2+ 40. Kg3 Ra3+ 41. Kf2 Ra2+ 42. Kg3 Ra6 43. Kf2 e3+ 44. Ke2 Ra2+ 45.
Kf1 Rf2+ 46. Kg1 Rf6 47. Rd7+ Kc3 48. Rc7+ Kd2 49. Rd7+ Ke1 50. g3 e2 51. Kg2
Rf2+ 52. Kg1 h5 53. h4 Rf5 54. Kg2 Ra5 55. Rd8 g5 56. hxg5 Rxg5 57. Ra8 Rd5 0-1

[Event "4. Memorial Oliver Gonzalez 2015"]
[Site "Madrid ESP"]
[Date "2015.10.12"]
[Round "3.5"]
[White "Drenchev, Petar"]
[Black "Roa Alonso, Santiago"]
[Result "1-0"]
[WhiteElo "2465"]
[BlackElo "2382"]
[PlyCount "81"]
[EventDate "2015.10.10"]
[EventType "swiss"]
[EventRounds "9"]
[EventCountry "ESP"]
[Source "lmi"]
[SourceDate "2015.10.10"]

1. e4 d6 2. d4 Nf6 3. Nc3 g6 4. f4 Bg7 5. Nf3 O-O 6. e5 Nfd7 7. h4 Nb6 8. h5
Bg4 9. hxg6 fxg6 10. Be3 Nc6 11. Be2 Bxf3 12. Bxf3 e6 13. Bg4 Qe8 14. Qe2 dxe5
15. dxe5 Rd8 16. Rd1 Rxd1+ 17. Kxd1 Nb4 18. Bxb6 axb6 19. Qc4 Nd5 20. Nxd5 exd5
21. Qxd5+ Kh8 22. g3 c6 23. Qe4 Qf7 24. e6 Qf6 25. c3 Re8 26. Kc2 Bf8 27. Rd1
h5 28. Bh3 Kg7 29. Rd7+ Re7 30. b4 b5 31. Qd4 Qxd4 32. cxd4 Rxd7 33. exd7 Be7
34. Kd3 Bd8 35. d5 cxd5 36. Kd4 Kf6 37. Kxd5 Ke7 38. Kc5 Bc7 39. Kxb5 h4 40.
gxh4 Bxf4 41. Kb6 1-0

[Event "4. Memorial Oliver Gonzalez 2015"]
[Site "Madrid ESP"]
[Date "2015.10.12"]
[Round "3.6"]
[White "Perez Mitjans, Orelvis"]
[Black "Plazuelo Pascual, Juan"]
[Result "1/2-1/2"]
[WhiteElo "2457"]
[BlackElo "2302"]
[PlyCount "91"]
[EventDate "2015.10.10"]
[EventType "swiss"]
[EventRounds "9"]
[EventCountry "ESP"]
[Source "lmi"]
[SourceDate "2015.10.10"]

1. e4 e6 2. d3 d5 3. Nd2 Nf6 4. Ngf3 Nc6 5. g3 dxe4 6. dxe4 Bc5 7. Bg2 e5 8.
O-O O-O 9. Qe2 Qe7 10. c3 a5 11. Nh4 Re8 12. Nc4 Bg4 13. Bf3 Bxf3 14. Qxf3 Qe6
15. Ne3 Bxe3 16. Qxe3 Rad8 17. Qe2 Rd7 18. f3 Red8 19. Be3 Ne7 20. Qb5 b6 21.
Qb3 Qc6 22. Rad1 Nc8 23. Rxd7 Rxd7 24. Rd1 Rxd1+ 25. Qxd1 Qd6 26. Qe2 Qd7 27.
Kf2 Nd6 28. c4 Qc6 29. b3 h6 30. g4 Kh7 31. Ng2 a4 32. Ne1 axb3 33. axb3 Nd7
34. Nd3 Nb7 35. Nb4 Qd6 36. Nd5 Nbc5 37. b4 Na6 38. Qd3 c6 39. c5 Naxc5 40.
bxc5 Nxc5 41. Bxc5 Qxc5+ 42. Ne3 b5 43. Ke2 Qe7 44. Nf5 Qa7 45. Qb3 Kg8 46. Qc3
1/2-1/2

[Event "4. Memorial Oliver Gonzalez 2015"]
[Site "Madrid ESP"]
[Date "2015.10.12"]
[Round "3.7"]
[White "Gleizerov, Evgeny"]
[Black "Taboas Rodriguez, Daniel"]
[Result "1-0"]
[WhiteElo "2493"]
[BlackElo "2394"]
[PlyCount "85"]
[EventDate "2015.10.10"]
[EventType "swiss"]
[EventRounds "9"]
[EventCountry "ESP"]
[Source "lmi"]
[SourceDate "2015.10.10"]

1. d4 Nf6 2. c4 g6 3. Nc3 Bg7 4. e4 d6 5. Nf3 O-O 6. Be2 e5 7. O-O Nc6 8. d5
Ne7 9. Nd2 c5 10. dxc6 bxc6 11. b4 d5 12. Ba3 Re8 13. Rc1 Bh6 14. Bf3 Be6 15.
Rc2 d4 16. Na4 Nd7 17. Nb3 Nb6 18. Nb2 f6 19. Na5 Qc7 20. c5 Nd7 21. Nbc4 f5
22. Nd6 Nf6 23. Nxe8 Rxe8 24. exf5 gxf5 25. Nc4 Bg7 26. Nd6 Rd8 27. Be2 Ned5
28. Bc4 Qd7 29. b5 Ne4 30. Qh5 cxb5 31. Bxb5 Qe7 32. Nxf5 Qf6 33. Nxg7 Qxg7 34.
Qh4 Ng5 35. Qg3 Nc3 36. Rxc3 dxc3 37. Qxc3 Rd4 38. Bc1 Bd5 39. Bxg5 Qxg5 40. g3
Qg4 41. c6 h5 42. c7 Be6 43. Ba6 1-0

[Event "4. Memorial Oliver Gonzalez 2015"]
[Site "Madrid ESP"]
[Date "2015.10.12"]
[Round "3.8"]
[White "Fernandez De Bobadilla, Gabrie"]
[Black "Petrov, Marian"]
[Result "0-1"]
[WhiteElo "2233"]
[BlackElo "2462"]
[PlyCount "56"]
[EventDate "2015.10.10"]
[EventType "swiss"]
[EventRounds "9"]
[EventCountry "ESP"]
[Source "lmi"]
[SourceDate "2015.10.10"]

1. d4 g6 2. c4 Bg7 3. e4 c5 4. d5 d6 5. Bd3 Nf6 6. Nf3 O-O 7. O-O e5 8. dxe6
Bxe6 9. h3 Nfd7 10. Nc3 Nc6 11. Bf4 Nde5 12. Nxe5 dxe5 13. Be3 a6 14. Nd5 f5
15. f4 exf4 16. Nxf4 Qe8 17. Qe2 Rd8 18. Rae1 Bc8 19. exf5 Bxf5 20. Bxf5 Rxf5
21. Nd5 Nd4 22. Qd2 Rxf1+ 23. Rxf1 Qe4 24. b3 Re8 25. Kh1 Nf5 26. Bf4 Qe2 27.
Rf2 Qe1+ 28. Kh2 Bd4 0-1

[Event "4. Memorial Oliver Gonzalez 2015"]
[Site "Madrid ESP"]
[Date "2015.10.12"]
[Round "3.9"]
[White "Prosviriakov, Vladimir"]
[Black "Rubio Mejia, Luis Ignacio"]
[Result "1/2-1/2"]
[WhiteElo "2234"]
[BlackElo "2456"]
[PlyCount "68"]
[EventDate "2015.10.10"]
[EventType "swiss"]
[EventRounds "9"]
[EventCountry "ESP"]
[Source "lmi"]
[SourceDate "2015.10.10"]

1. d4 Nf6 2. Bg5 e6 3. e3 h6 4. Bxf6 Qxf6 5. Bd3 d6 6. Nf3 Nd7 7. Nbd2 g6 8.
Qe2 Bg7 9. c3 Qe7 10. h4 a6 11. a4 d5 12. h5 g5 13. e4 dxe4 14. Nxe4 b6 15. Ng3
Bb7 16. Be4 Bxe4 17. Qxe4 O-O 18. Nf5 Qf6 19. Nxg7 Kxg7 20. Qc6 Qd8 21. O-O Nf6
22. Ne5 Qd5 23. Qxd5 Nxd5 24. g3 f6 25. Nc6 Kf7 26. Rae1 Ne7 27. Nb4 a5 28. Nd3
Nf5 29. Re2 Rad8 30. Rfe1 Ng7 31. g4 c5 32. f4 c4 33. Nf2 gxf4 34. Re4 Rd5
1/2-1/2

[Event "4. Memorial Oliver Gonzalez 2015"]
[Site "Madrid ESP"]
[Date "2015.10.12"]
[Round "3.10"]
[White "Medarde Santiago, Luis Marcos"]
[Black "Stillger, Bernhard"]
[Result "1/2-1/2"]
[WhiteElo "2324"]
[BlackElo "2279"]
[PlyCount "129"]
[EventDate "2015.10.10"]
[EventType "swiss"]
[EventRounds "9"]
[EventCountry "ESP"]
[Source "lmi"]
[SourceDate "2015.10.10"]

1. e4 e6 2. d4 d5 3. Nc3 Nf6 4. Bg5 dxe4 5. Nxe4 Nbd7 6. Nf3 h6 7. Nxf6+ Nxf6
8. Be3 Bd6 9. Qd2 b6 10. Bb5+ Bd7 11. Bd3 Nd5 12. O-O-O Nxe3 13. Qxe3 O-O 14.
g4 Bc6 15. Rhg1 Bxf3 16. Qxf3 Qf6 17. Qxf6 gxf6 18. h4 Bf4+ 19. Kb1 Rad8 20. c3
c5 21. dxc5 bxc5 22. Rge1 Kg7 23. Re4 Bc7 24. Kc2 Rd5 25. Bc4 Rxd1 26. Kxd1
Rd8+ 27. Kc2 Kf8 28. Bb3 Ke7 29. f4 a5 30. f5 Be5 31. Ra4 Bc7 32. Re4 Be5 33.
Rc4 Bd6 34. Kd3 Be5+ 35. Ke4 Bd6 36. Kf3 exf5 37. gxf5 Rg8 38. Rg4 Rxg4 39.
Kxg4 Bh2 40. Kf3 Bg1 41. Ke4 Kd6 42. Bxf7 Bf2 43. h5 Bh4 44. Be8 Bg5 45. Kd3
Bc1 46. b3 Kd5 47. Bf7+ Kc6 48. Kc4 Bd2 49. Be8+ Kb6 50. Ba4 Be1 51. Kd5 Bg3
52. Be8 Bf2 53. a3 Be3 54. Bf7 Bd2 55. Be8 Be3 56. Bd7 Bd2 57. Ba4 Be3 58. Kc4
Bc1 59. b4 axb4 60. axb4 cxb4 61. Kxb4 Bd2 62. Kc4 Kc7 63. Kd5 Bg5 64. c4 Bh4
65. Bd1 1/2-1/2

[Event "4. Memorial Oliver Gonzalez 2015"]
[Site "Madrid ESP"]
[Date "2015.10.12"]
[Round "3.11"]
[White "Lorenzo Duran, Marcos"]
[Black "Hovhannisyan, Robert"]
[Result "0-1"]
[WhiteElo "2146"]
[BlackElo "2630"]
[PlyCount "72"]
[EventDate "2015.10.10"]
[EventType "swiss"]
[EventRounds "9"]
[EventCountry "ESP"]
[Source "lmi"]
[SourceDate "2015.10.10"]

1. d4 Nf6 2. c4 e6 3. Nc3 Bb4 4. e3 b6 5. Nge2 Bb7 6. a3 Bd6 7. d5 c6 8. g3 b5
9. Bg2 bxc4 10. dxe6 dxe6 11. O-O O-O 12. Qa4 Nbd7 13. Qxc4 Ne5 14. Qa4 Qe7 15.
Rd1 Rfd8 16. f4 Ned7 17. Nd4 Nb6 18. Qc2 Rac8 19. h3 c5 20. Nb3 c4 21. Nd4 Bc5
22. Bxb7 Qxb7 23. Qg2 Qxg2+ 24. Kxg2 Bxd4 25. exd4 Nbd5 26. Nxd5 Nxd5 27. Bd2
Rb8 28. Rab1 Rb3 29. Rdc1 Rd3 30. Bc3 h5 31. h4 Rb8 32. Kf2 Rb3 33. Rd1 Rdxc3
34. bxc3 Nxc3 35. Rxb3 cxb3 36. Rd2 b2 0-1

[Event "4. Memorial Oliver Gonzalez 2015"]
[Site "Madrid ESP"]
[Date "2015.10.12"]
[Round "3.12"]
[White "Garcia Martin, Marta"]
[Black "Del Rio De Angelis, Salvador G"]
[Result "0-1"]
[WhiteElo "2113"]
[BlackElo "2512"]
[PlyCount "70"]
[EventDate "2015.10.10"]
[EventType "swiss"]
[EventRounds "9"]
[EventCountry "ESP"]
[Source "lmi"]
[SourceDate "2015.10.10"]

1. e4 e6 2. d4 c5 3. Nf3 cxd4 4. Nxd4 Nf6 5. Bd3 Nc6 6. Nxc6 bxc6 7. O-O d5 8.
Nd2 Be7 9. c4 O-O 10. Qe2 a5 11. b3 a4 12. Rb1 axb3 13. axb3 Bb7 14. Bb2 Ra2
15. Nf3 Qb6 16. Bd4 Qa6 17. Rb2 Rxb2 18. Bxb2 dxe4 19. Bxe4 Nxe4 20. Qxe4 c5
21. Qg4 f6 22. h4 Bc8 23. h5 Qa2 24. Bc1 Qxb3 25. Bh6 Rf7 26. Ra1 Bd6 27. Be3
Ra7 28. Re1 Qd3 29. Nh4 Qc3 30. Rd1 Ra1 31. h6 f5 32. Qh5 Bd7 33. hxg7 Ba4 34.
Rf1 Rxf1+ 35. Kxf1 Qa1+ 0-1

[Event "4. Memorial Oliver Gonzalez 2015"]
[Site "Madrid ESP"]
[Date "2015.10.12"]
[Round "3.13"]
[White "Almagro Llamas, Pablo"]
[Black "Martin Rodriguez, Emilio"]
[Result "1-0"]
[WhiteElo "2443"]
[BlackElo "2084"]
[PlyCount "97"]
[EventDate "2015.10.10"]
[EventType "swiss"]
[EventRounds "9"]
[EventCountry "ESP"]
[Source "lmi"]
[SourceDate "2015.10.10"]

1. e4 e6 2. d4 d5 3. Nc3 Nf6 4. Bg5 Be7 5. e5 Ne4 6. Bxe7 Nxc3 7. Bxd8 Nxd1 8.
Bxc7 Nxb2 9. Rb1 Nc4 10. Bxc4 dxc4 11. Nf3 Nc6 12. Bd6 b6 13. c3 Bb7 14. Nd2
Rc8 15. f3 Ne7 16. Ba3 f5 17. exf6 gxf6 18. Ne4 Bxe4 19. fxe4 Rg8 20. O-O Rg6
21. Rb5 Ng8 22. e5 Rd8 23. exf6 Rxf6 24. Re1 Kf7 25. Rh5 h6 26. Ree5 Kg6 27. h3
Rd7 28. d5 Rxd5 29. Rxd5 exd5 30. Rxd5 Re6 31. Rd7 Re2 32. Bf8 Nf6 33. Rxa7 Nd5
34. Rg7+ Kf5 35. Rg3 h5 36. a3 b5 37. Bh6 Ra2 38. Rg5+ Ke4 39. Bg7 Nf4 40. h4
Rxa3 41. Rxb5 Ne2+ 42. Kh2 Nxc3 43. Rxh5 Ne2 44. Rc5 Kd3 45. h5 c3 46. h6 c2
47. h7 Ra5 48. h8=Q Rxc5 49. Qh3+ 1-0

[Event "4. Memorial Oliver Gonzalez 2015"]
[Site "Madrid ESP"]
[Date "2015.10.12"]
[Round "3.14"]
[White "Del Valle Cirera, Adria"]
[Black "Martin Duque, Jesus"]
[Result "0-1"]
[WhiteElo "2090"]
[BlackElo "2382"]
[PlyCount "100"]
[EventDate "2015.10.10"]
[EventType "swiss"]
[EventRounds "9"]
[EventCountry "ESP"]
[Source "lmi"]
[SourceDate "2015.10.10"]

1. e4 c5 2. Nf3 e6 3. d4 cxd4 4. Nxd4 Nc6 5. c4 Nf6 6. Nxc6 bxc6 7. Bd3 e5 8.
O-O Bc5 9. Kh1 d6 10. f4 O-O 11. fxe5 dxe5 12. Bg5 Be7 13. Nc3 Nd7 14. Bxe7
Qxe7 15. Qf3 Nc5 16. Bc2 Ne6 17. Ne2 a5 18. a4 Rb8 19. b3 Nc5 20. Rad1 Be6 21.
h3 Rb7 22. Nc1 Bc8 23. Qc3 Qc7 24. Rd2 Ne6 25. Ne2 c5 26. Qg3 Nd4 27. Nxd4 cxd4
28. Rf3 Qe7 29. Qe1 Rb6 30. Rdf2 Qa7 31. Rf1 Rg6 32. Qf2 Be6 33. Kh2 Qe7 34.
Qd2 Ra8 35. Qf2 Ra7 36. Rg3 Ra6 37. Rf3 Rb6 38. Qe1 Ra6 39. R1f2 h5 40. Bd3 Ra7
41. Qd2 Qh4 42. Rf1 Bg4 43. Qf2 Bxf3 44. Qxf3 Rf6 45. Qe2 Rxf1 46. Qxf1 Qf4+
47. Qxf4 exf4 48. g3 Rb7 49. Bc2 d3 50. Bd1 Re7 0-1